[Event "Montreal op U2000"]
[Site "Montreal"]
[Date "2016.09.10"]
[Round "3.12"]
[White "Saine, Zachary"]
[Black "Moisescu, George"]
[Result "1-0"]
[WhiteElo "1822"]
[BlackElo "1475"]
[PlyCount "129"]
[EventDate "2016.09.09"]
[EventType "swiss"]
[EventRounds "5"]
[EventCountry "CAN"]
[SourceTitle "EXT 2022"]
[Source "ChessBase"]
[SourceDate "2021.10.06"]
[SourceVersion "1"]
[SourceVersionDate "2021.10.06"]
[SourceQuality "1"]

1. e4 e6 2. d4 d5 3. e5 c5 4. c3 Nc6 5. Nf3 Qb6 6. a3 c4 7. Be2 Nge7 8. 0-0 Ng6 9. Ne1 Be7 10. f4 Bd7 11. Qc2 a5 12. Be3 f5 13. Nd2 a4 14. Nef3 Na5 15. Ng5 Nb3 16. Nxb3 axb3 17. Qd2 Nf8 18. g4 h6 19. Nh3 g6 20. gxf5 gxf5 21. Bh5+ Kd8 22. Kh1 Kc7 23. Rg1 Be8 24. Qe2 Qc6 25. Rg7 Qd7 26. Bf2 Bxh5 27. Qxh5 Qe8 28. Qe2 Rd8 29. Bh4 Rd7 30. Bf6 Nh7 31. Rxe7 Rxe7 32. Bxh8 Qxh8 33. Qh5 Qf8 34. Qg6 Kd7 35. Rg1 Rf7 36. Qg8 Qxg8 37. Rxg8 Nf8 38. Rh8 Ke7 39. Rxh6 Rg7 40. Ng5 Ng6 41. Nh3 Kf7 42. Rh5 Nxf4 43. Nxf4 Rg4 44. Ne2 Re4 45. Ng1 Re1 46. Rh7+ Ke8 47. Rxb7 Rb1 48. a4 Rxb2 49. h4 Ra2 50. h5 Kf8 51. Ra7 Rc2 52. a5 Rxc3 53. a6 b2 54. Rb7 Ra3 55. Rxb2 Rxa6 56. Ne2 Kg7 57. Nf4 Rc6 58. Rc2 Kh6 59. Rg2 Kh7 60. Kh2 Kh6 61. Rg6+ Kh7 62. Nxd5 Kh8 63. Nf6 Rc8 64. Rh6+ Kg7 65. Rh7+ 1-0